[Event "Patras op"]
[Site "Patras"]
[Date "2002.08.06"]
[Round "7.44"]
[White "Aggelatos, G."]
[Black "Ioannidis, C."]
[Result "1-0"]
[WhiteElo "1290"]
[BlackElo "1000"]
[PlyCount "97"]
[EventDate "2002.08.??"]
[EventType "swiss"]
[EventRounds "9"]
[EventCountry "GRE"]
[SourceTitle "CBM 089 Extra"]
[Source "ChessBase"]
[SourceDate "2002.09.10"]
[SourceVersion "2"]
[SourceVersionDate "2002.09.10"]
[SourceQuality "1"]

1. e4 e5 2. Nf3 Nc6 3. Bc4 Nf6 4. Nc3 Bc5 5. d3 0-0 6. Bg5 h6 7. Bh4 Bb4 8. 0-0 Bxc3 9. bxc3 Na5 10. Bb3 d6 11. h3 Qe7 12. Re1 Be6 13. d4 Rad8 14. d5 Bd7 15. c4 b6 16. Re3 Nb7 17. a4 Nc5 18. Nd2 a5 19. Rg3 g6 20. Qf3 Kg7 21. Qe3 Rh8 22. Rf3 Bf5 23. exf5 g5 24. Rg3 Rdg8 25. Bxg5 hxg5 26. Rxg5+ Kf8 27. Rxg8+ Rxg8 28. f3 Nh5 29. Qh6+ Ng7 30. f6 Qd8 31. fxg7+ Rxg7 32. Nf1 Kg8 33. h4 Nd7 34. Ne3 Rg6 35. Nf5 Rxh6 36. Nxh6+ Kg7 37. Nf5+ Kg6 38. g4 e4 39. fxe4 Kh7 40. Kh2 Nf6 41. Kh3 Nxe4 42. Re1 Qe8 43. Re3 Kg6 44. c3 Nf2+ 45. Kg3 Qxe3+ 46. Nxe3 Ne4+ 47. Kg2 Nxc3 48. Nd1 f6 49. Nxc3 1-0